Mikroekonomie II : cvičebnice /

Main Author: Macáková, Libuše, 1955-
Language: Czech
Published: Slaný : Melandrium, 2003
Edition: 3., upr. vyd.
Online Access: Digitalizovaný dokument
Physical Description: 223 s. : il. ; 21 cm
Book
Saved in:
LEADER 01240nam a2200337 a 4500
001 000689464
003 CZ BrMZK
005 20200303083003.0
007 ta
008 030926s2003 xr a e p 000 0 cze d
015 |a cnb001201496 
020 |a 80-86175-28-6  |q (brož.) 
035 |a (OCoLC)50342122 
040 |a BOA001  |b cze 
072 7 |a 33  |x Ekonomie  |2 Konspekt  |9 4 
072 7 |a 37.016  |x Učební osnovy. Vyučovací předměty. Učebnice  |2 Konspekt  |9 22 
080 |a 330.101.542  |2 MRF 
080 |a (075.8)  |2 MRF 
100 1 |a Macáková, Libuše,  |d 1955-  |7 ola2003201035  |4 aut 
245 1 0 |a Mikroekonomie II :  |b cvičebnice /  |c Libuše Macáková a kolektiv 
246 1 8 |a Cvičebnice - mikroekonomie II 
250 |a 3., upr. vyd. 
260 |a Slaný :  |b Melandrium,  |c 2003 
300 |a 223 s. :  |b il. ;  |c 21 cm 
650 0 7 |a mikroekonomie  |7 ph115305  |x úlohy  |2 czenas 
655 7 |a učebnice vysokých škol  |7 fd133772  |2 czenas 
856 4 1 |u http://www.digitalniknihovna.cz/mzk/uuid/uuid:7cd7fd50-73cc-11e4-9e20-005056827e52  |y Digitalizovaný dokument  |x NDK 
910 |a BOA001  |b 2-1123.477 
990 |a BK 
991 |f 330.101.542 MAC 
996 6 |b 2610199671  |c 2-1123.477  |l MZK  |r Sklad / do 1 hodiny  |n 13  |p p.v.  |w 000689464  |u 000010  |a 1  |e BOA001  |j MZK50  |s P